000 004380000a22001810004500
003 MACL
005 20150901152258.0
008 150901b xxu||||| |||| 00| 0 eng d
040 _aMACL
_cMACL
041 _aEnglish
082 _a800/DHA
100 _aDhawan, R. K.
_98242
245 _aIndian women novelists
_bset 2 vol 1
260 _bPrestige
_c1993
_aNew Delhi
350 _a250
650 _aLitreture
_947
942 _cBK
_k800
_2ddc
999 _c22943
_d22943